|
|
|
|
| LEADER |
02273nam a2200601 i 4500 |
| 001 |
nkc20253695605 |
| 003 |
CZ PrNK |
| 005 |
20260425125902.0 |
| 007 |
ta |
| 008 |
250710s2025 xr abe e f 001 0 cze |
| 015 |
|
|
|a cnb003695605
|
| 020 |
|
|
|a 978-80-256-3860-6
|q (brožováno)
|
| 035 |
|
|
|a (OCoLC)1535680475
|
| 040 |
|
|
|a BOA001
|b cze
|e rda
|
| 041 |
1 |
|
|a cze
|h eng
|
| 043 |
|
|
|a e-sp---
|
| 072 |
|
7 |
|a 913(4)
|x Geografie Evropy, reálie, cestování
|2 Konspekt
|9 7
|
| 080 |
|
|
|a 913(460)
|2 MRF
|
| 080 |
|
|
|a (460)
|2 MRF
|
| 080 |
|
|
|a (036)913
|2 MRF
|
| 100 |
1 |
|
|a Kaminski, Anna
|7 osa20241247202
|4 aut
|
| 240 |
1 |
0 |
|a Experience Andalucía.
|l Česky
|
| 245 |
1 |
0 |
|a Andalusie /
|c Anna Kaminski, Fiona Flores Watson, Isabella Noble ; překlad: Tereza Nová
|
| 246 |
1 |
|
|i Název v tiráži:
|a Andalusie (poznáváme)
|
| 264 |
|
1 |
|a Praha :
|b Svojtka & Co.,
|c 2025
|
| 300 |
|
|
|a 258 stran :
|b barevné ilustrace, mapy, plány ;
|c 18 cm +
|e 1 plán (50 x 63 cm složeno na 17 x 10 cm)
|
| 336 |
|
|
|a text
|b txt
|2 rdacontent
|
| 336 |
|
|
|a statický obraz
|b sti
|2 rdacontent
|
| 336 |
|
|
|a kartografický obraz
|b cri
|2 rdacontent
|
| 337 |
|
|
|a bez média
|b n
|2 rdamedia
|
| 338 |
|
|
|a svazek
|b nc
|2 rdacarrier
|
| 338 |
|
|
|a list
|b nb
|2 rdacarrier
|
| 490 |
1 |
|
|a Lonely Planet
|
| 490 |
1 |
|
|a Poznáváme
|
| 500 |
|
|
|a Přeloženo z angličtiny
|
| 500 |
|
|
|a V tiráži uvedeno: 1. edice (2025)
|
| 500 |
|
|
|a Obsahuje rejstřík
|
| 651 |
|
7 |
|a Andalusie (Španělsko)
|7 ge128663
|x reálie
|2 czenas
|
| 651 |
|
9 |
|a Andalusia (Spain)
|x description and travel
|2 eczenas
|
| 655 |
|
7 |
|a turistické průvodce
|7 fd133738
|2 czenas
|
| 655 |
|
9 |
|a tourist guidebooks
|2 eczenas
|
| 700 |
1 |
|
|a Watson, Fiona Flores
|7 xx0333968
|4 aut
|
| 700 |
1 |
|
|a Noble, Isabella
|7 xx0204502
|4 aut
|
| 700 |
1 |
|
|a Nová, Tereza
|4 trl
|
| 710 |
2 |
|
|a Svojtka & Co. (nakladatelství)
|7 ko20251261577
|4 pbl
|
| 830 |
|
0 |
|a Lonely Planet (Svojtka & Co.)
|0 s
|
| 830 |
|
0 |
|a Poznáváme s Lonely Planet
|0 s
|
| 910 |
2 |
|
|a BOA001
|b 1-1546.749
|
| 990 |
|
|
|a BK
|
| 995 |
|
|
|a 01
|
| 991 |
|
|
|b 202507
|c NOV
|
| 996 |
6 |
|
|b 2611009196
|c 1-1546.749
|l MZK
|r Sklad / do 1 hodiny
|n 0
|p p.v.
|w 002011920
|u 000010
|a 1
|e BOA001
|j MZK50
|s P
|
| 996 |
7 |
|
|b 2611009958
|c 1-1546.749
|l Vol.výběr
|r VV 1p
|n 3
|p kup
|h 913(4) PRU ŠPA
|w 002011920
|u 000020
|a 0
|e BOA001
|j MZK50
|s A
|